|
|
|
|
| LEADER |
00000naa a2200000uu 4500 |
| 001 |
vtls010947693 |
| 003 |
SK-MaSNL |
| 005 |
20260302125829.0 |
| 008 |
210909|1998 xo |||||||||||||||||slo| |
| 015 |
|
|
|a SNBRA
|
| 035 |
|
|
|a (urnnbn)urn:nbn:sk:snk:ar-a0bh2d
|
| 035 |
|
|
|a (uuid)10266fd5-cd7e-42a8-985e-bb8552185897
|
| 035 |
|
|
|a urn:nbn:sk:snk-aau969
|
| 040 |
|
|
|a SNKBUCL
|b slo
|c SNKBUCL
|e AACR2
|
| 041 |
0 |
|
|a slo
|
| 044 |
|
|
|a xo
|c SK
|
| 100 |
1 |
|
|a Benčať, Tibor,
|d 1957-
|4 aut
|9 204881
|
| 245 |
1 |
0 |
|a OBSAH ŤAŽKÝCH KOVOV V DREVE AGÁTA BIELEHO (Robinia pseudoacacia L.)
|c Tibor Benčať
|
| 773 |
0 |
|
|t Vybrané procesy pri chemickom spracúvaní dreva
|d Vo Zvolene : Technická univerzita, 1998
|g S. 221-226
|z 8022807397
|
| 958 |
|
|
|a OND
|
| 958 |
|
|
|a article11
|
| 958 |
|
|
|a chapter
|
| 999 |
|
|
|c 1296021
|d 1297951
|